[Event "NB II. Erkel csoport"]
[Site "Budapest"]
[Date "2023.10.29"]
[Round "2.9"]
[White "Harkanyi, Adam"]
[Black "Russa, Roberto"]
[Result "1-0"]
[WhiteElo "1779"]
[BlackElo "1801"]
[PlyCount "87"]
[EventDate "2023.10.08"]
[EventType "team-tourn"]
[EventRounds "9"]
[EventCountry "HUN"]
[Source "chess.hu"]
[WhiteTeam "Fot SE-LearningChess"]
[BlackTeam "Vizugyi SC"]
[WhiteTeamCountry "HUN"]
[BlackTeamCountry "HUN"]

1. e4 e6 2. d4 d5 3. e5 b6 4. c3 Qd7 5. Nf3 Ne7 6. Bd3 Ba6 7. Bxa6 Nxa6 8. Qe2
Nb8 9. O-O h5 10. Bg5 Nf5 11. c4 dxc4 12. Qxc4 Nc6 13. Rd1 Nb4 14. Na3 c6 15.
Nc2 Nd5 16. Rac1 f6 17. Bd2 Be7 18. Nb4 b5 19. Qxc6 Qxc6 20. Nxc6 Kd7 21. Nxe7
Kxe7 22. Rc5 a6 23. Rdc1 Kd7 24. h3 h4 25. Kf1 Nfe7 26. Ke2 Rac8 27. Ne1 Rxc5
28. Rxc5 fxe5 29. dxe5 Rf8 30. Nd3 Nc6 31. Rc1 Nd4+ 32. Ke1 Rg8 33. Nc5+ Ke7
34. Bg5+ Kf7 35. Kd2 a5 36. Ne4 Nf5 37. Nd6+ Kg6 38. Nxf5 Kxg5 39. Nd4 Nf4 40.
Nxb5 Rd8+ 41. Nd6 Rb8 42. b3 Ng6 43. Rc5 Kf4 44. Rxa5 1-0

[Event "NB II. Erkel csoport"]
[Site "Budapest"]
[Date "2023.10.29"]
[Round "2.10"]
[White "Ramadan, Erik"]
[Black "Rozsa, Sandor"]
[Result "1-0"]
[WhiteElo "1498"]
[BlackElo "1763"]
[PlyCount "83"]
[EventDate "2023.10.08"]
[EventType "team-tourn"]
[EventRounds "9"]
[EventCountry "HUN"]
[Source "chess.hu"]
[WhiteTeam "Vizugyi SC"]
[BlackTeam "Fot SE-LearningChess"]
[WhiteTeamCountry "HUN"]
[BlackTeamCountry "HUN"]

1. e4 e5 2. Nc3 Nf6 3. Bc4 Bb4 4. a3 Bxc3 5. bxc3 c6 6. d3 O-O 7. Ne2 d5 8.
exd5 cxd5 9. Bb3 h6 10. O-O Nc6 11. Ng3 Be6 12. Rb1 Rc8 13. Bd2 Qe7 14. Qc1 b6
15. Re1 Ng4 16. h3 Nf6 17. Ba4 Nd7 18. Bb5 f5 19. Nh5 f4 20. c4 Qf7 21. Nxf4
exf4 22. Rxe6 Nd4 23. Re1 f3 24. Be3 Ne2+ 25. Rxe2 fxe2 26. cxd5 Ne5 27. Qd2
e1=Q+ 28. Qxe1 Qxd5 29. Qe2 Kh8 30. d4 Nc4 31. Bxc4 Rxc4 32. Qd2 Rf6 33. c3 Rg6
34. g3 Qf5 35. Re1 Qxh3 36. Qd3 Rgc6 37. Bd2 Rc8 38. Qg6 Qd7 39. Re5 R4c6 40.
Qe4 Rf6 41. Re7 Qa4 42. Qg4 1-0

[Event "NB II. Erkel csoport"]
[Site "Budapest"]
[Date "2023.10.29"]
[Round "2.11"]
[White "Schmelowszky, David"]
[Black "Lestyak, Barnabas"]
[Result "1-0"]
[WhiteElo "1609"]
[BlackElo "1472"]
[PlyCount "69"]
[EventDate "2023.10.08"]
[EventType "team-tourn"]
[EventRounds "9"]
[EventCountry "HUN"]
[Source "chess.hu"]
[WhiteTeam "Fot SE-LearningChess"]
[BlackTeam "Vizugyi SC"]
[WhiteTeamCountry "HUN"]
[BlackTeamCountry "HUN"]

1. e4 e5 2. Nf3 Nc6 3. Bc4 Be7 4. O-O Nf6 5. Nc3 O-O 6. d3 d6 7. h3 Nd4 8. Nxd4
exd4 9. Ne2 c5 10. Re1 d5 11. exd5 Nxd5 12. Bxd5 Qxd5 13. Nxd4 Bd6 14. Nb5 Bb8
15. Re4 Qc6 16. Nc3 Qg6 17. Nd5 Bd6 18. Qf3 Be6 19. Nf4 Bxf4 20. Rxf4 Rad8 21.
Kh2 Rd5 22. g3 Rh5 23. h4 Bd5 24. Qe2 f5 25. Be3 Re8 26. Re1 Rh6 27. Qd1 Qd6
28. Ra4 f4 29. Rxf4 Rg6 30. Bxc5 Rxe1 31. Qxe1 Qd8 32. Rf8+ Qxf8 33. Bxf8 Re6
34. Qb4 Re8 35. Qd4 1-0

[Event "NB II. Erkel csoport"]
[Site "Budapest"]
[Date "2023.10.29"]
[Round "2.1"]
[White "Reviczki, Roland"]
[Black "Miszler, Levente"]
[Result "1/2-1/2"]
[WhiteElo "2231"]
[BlackElo "2307"]
[PlyCount "86"]
[EventDate "2023.10.08"]
[EventType "team-tourn"]
[EventRounds "9"]
[EventCountry "HUN"]
[Source "chess.hu"]
[WhiteTeam "TFSE"]
[BlackTeam "EUTender-Sarkany DSE"]
[WhiteTeamCountry "HUN"]
[BlackTeamCountry "HUN"]

1. e4 e6 2. d4 d5 3. Nd2 c5 4. exd5 Qxd5 5. Ngf3 cxd4 6. Bc4 Qd6 7. O-O Nf6 8.
Nb3 Nc6 9. Nbxd4 Nxd4 10. Nxd4 Be7 11. Re1 O-O 12. c3 Qc7 13. Bf1 Bd7 14. Qf3
Bd6 15. Kh1 e5 16. Nb5 Bxb5 17. Bxb5 e4 18. Qf5 a6 19. Ba4 b5 20. Bc2 Rae8 21.
Bg5 Re5 22. Qf4 Nd5 23. Qd2 Be7 24. Bxe7 Qxe7 25. Qd4 Re8 26. a4 Qh4 27. axb5
Nf6 28. f3 Rh5 29. h3 Rxb5 30. c4 Rbe5 31. Re2 Nh5 32. Kg1 Ng3 33. Ree1 Nf5 34.
Qc3 e3 35. Bxf5 Qf2+ 36. Kh1 Rxf5 37. Rf1 Qg3 38. Qc2 Rh5 39. Rxa6 g6 40. Qe2
Rd8 41. Qxe3 Rxh3+ 42. gxh3 Qxh3+ 43. Kg1 Qg3+ 1/2-1/2

[Event "NB II. Erkel csoport"]
[Site "Budapest"]
[Date "2023.10.29"]
[Round "2.2"]
[White "Dudas, Janos"]
[Black "Laszlo, Csaba"]
[Result "1-0"]
[WhiteElo "2332"]
[BlackElo "2023"]
[PlyCount "91"]
[EventDate "2023.10.08"]
[EventType "team-tourn"]
[EventRounds "9"]
[EventCountry "HUN"]
[Source "chess.hu"]
[WhiteTeam "EUTender-Sarkany DSE"]
[BlackTeam "TFSE"]
[WhiteTeamCountry "HUN"]
[BlackTeamCountry "HUN"]

1. d4 Nf6 2. Nf3 e6 3. Bg5 d5 4. e3 Be7 5. c4 Nbd7 6. Nc3 O-O 7. Rc1 b6 8. cxd5
exd5 9. Bd3 Bb7 10. O-O Ne4 11. Bf4 c5 12. Qc2 Ndf6 13. Rfd1 Nxc3 14. Qxc3 c4
15. Bb1 Nh5 16. Qc2 g6 17. Bh6 Re8 18. g4 Nf6 19. h3 Ne4 20. Qe2 Ng5 21. Kg2
Nxf3 22. Qxf3 Bh4 23. Qf4 Qf6 24. Qxf6 Bxf6 25. Bf4 Rac8 26. Kg3 g5 27. Bd6 a5
28. Bf5 Ra8 29. b3 Ba6 30. e4 dxe4 31. bxc4 e3 32. d5 e2 33. Re1 Be5+ 34. Bxe5
Rxe5 35. Bd3 Rc8 36. Rxe2 Rxe2 37. Bxe2 Rc5 38. Kf3 Kf8 39. Ke3 Ke7 40. Kd4 Kd6
41. a4 Rc8 42. Rb1 Rb8 43. Bd3 h6 44. Rxb6+ Rxb6 45. c5+ Kc7 46. cxb6+ 1-0

[Event "NB II. Erkel csoport"]
[Site "Budapest"]
[Date "2023.10.29"]
[Round "2.3"]
[White "Suto, Gabor"]
[Black "Szieberth, Adam"]
[Result "0-1"]
[WhiteElo "2143"]
[BlackElo "2266"]
[PlyCount "90"]
[EventDate "2023.10.08"]
[EventType "team-tourn"]
[EventRounds "9"]
[EventCountry "HUN"]
[Source "chess.hu"]
[WhiteTeam "TFSE"]
[BlackTeam "EUTender-Sarkany DSE"]
[WhiteTeamCountry "HUN"]
[BlackTeamCountry "HUN"]

1. d4 g6 2. c4 Bg7 3. Nc3 Nf6 4. e4 d6 5. Be2 O-O 6. Bg5 c5 7. d5 e6 8. Qd2 Qa5
9. f3 exd5 10. cxd5 a6 11. Nd1 Qxd2+ 12. Bxd2 b5 13. Rc1 Ne8 14. Bd3 Nd7 15.
Ne2 Ne5 16. Bb1 f5 17. O-O Nc4 18. Bc3 Bh6 19. b3 Bxc1 20. Nxc1 Na3 21. Bd3
fxe4 22. fxe4 b4 23. Bb2 Rxf1+ 24. Kxf1 Nb5 25. h3 Bd7 26. Ne2 a5 27. Ne3 a4
28. Nc4 axb3 29. axb3 Ra2 30. Bb1 Ra7 31. Bd3 Na3 32. Nc1 Bb5 33. Ke2 Re7 34.
Kf3 Bxc4 35. bxc4 Nc7 36. e5 dxe5 37. Ke4 Ne8 38. d6 Nxd6+ 39. Kd5 e4 40. Be2
Nb7 41. Nb3 Nb1 42. Nxc5 Nc3+ 43. Bxc3 bxc3 44. Nb3 Rd7+ 45. Kxe4 c2 0-1

[Event "NB II. Erkel csoport"]
[Site "Budapest"]
[Date "2023.10.29"]
[Round "2.5"]
[White "Varga, Boldizsar"]
[Black "Pasztor, Ferenc"]
[Result "1-0"]
[WhiteElo "1882"]
[BlackElo "2103"]
[PlyCount "105"]
[EventDate "2023.10.08"]
[EventType "team-tourn"]
[EventRounds "9"]
[EventCountry "HUN"]
[Source "chess.hu"]
[WhiteTeam "TFSE"]
[BlackTeam "EUTender-Sarkany DSE"]
[WhiteTeamCountry "HUN"]
[BlackTeamCountry "HUN"]

1. Nf3 Nf6 2. g3 c5 3. Bg2 Nc6 4. O-O e5 5. c4 d6 6. Nc3 g6 7. d3 Bg7 8. Bg5 h6
9. Bd2 O-O 10. Qc1 Kh7 11. Rb1 Be6 12. a3 a5 13. Nb5 Qd7 14. Nh4 Nd4 15. Nxd4
cxd4 16. b4 axb4 17. Rxb4 d5 18. f4 e4 19. f5 gxf5 20. Bh3 e3 21. Be1 Ng4 22.
cxd5 Qxd5 23. Bg2 Qa5 24. Rb2 Qxa3 25. Bb4 Qa4 26. Bxf8 Bxf8 27. Rxb7 Rc8 28.
Rc7 Ba3 29. Qc6 Qxc6 30. Rxc6 Rxc6 31. Bxc6 Nf2 32. Ra1 Bd6 33. Nf3 f4 34. gxf4
Nh3+ 35. Kf1 Nxf4 36. Nxd4 Bh3+ 37. Ke1 Ng2+ 38. Bxg2 Bxg2 39. Nf3 Bxf3 40.
exf3 Bxh2 41. Ke2 Bf4 42. Ra4 Bg5 43. f4 Be7 44. Kxe3 Kg6 45. Ke4 h5 46. Ra6+
f6 47. d4 h4 48. d5 h3 49. Kf3 Kf5 50. d6 h2 51. Kg2 Bd8 52. Ra8 Bb6 53. d7 1-0

[Event "NB II. Erkel csoport"]
[Site "Budapest"]
[Date "2023.10.29"]
[Round "2.6"]
[White "Vasyliv, Stanislav"]
[Black "Molnar, Gabor"]
[Result "1/2-1/2"]
[WhiteElo "2178"]
[BlackElo "1969"]
[PlyCount "50"]
[EventDate "2023.10.08"]
[EventType "team-tourn"]
[EventRounds "9"]
[EventCountry "HUN"]
[Source "chess.hu"]
[WhiteTeam "EUTender-Sarkany DSE"]
[BlackTeam "TFSE"]
[WhiteTeamCountry "HUN"]
[BlackTeamCountry "HUN"]

1. Nf3 Nf6 2. d4 e6 3. c4 Bb4+ 4. Nbd2 c5 5. a3 Bxd2+ 6. Qxd2 cxd4 7. Nxd4 d5
8. e3 O-O 9. Be2 Bd7 10. cxd5 Nxd5 11. O-O Nc6 12. b4 Nxd4 13. Qxd4 Qf6 14. Bb2
Qxd4 15. Bxd4 Rfd8 16. Rac1 a6 17. Rc5 Bc6 18. Rfc1 Nf4 19. Bf1 Nd5 20. g3 Kf8
21. Rxc6 bxc6 22. Rxc6 Rdc8 23. Rd6 Rd8 24. Rc6 Rdc8 25. Rd6 Rd8 1/2-1/2

[Event "NB II. Erkel csoport"]
[Site "Budapest"]
[Date "2023.10.29"]
[Round "2.8"]
[White "Nadasi, Balazs"]
[Black "Mathe, Gergely"]
[Result "1-0"]
[WhiteElo "2100"]
[BlackElo "1740"]
[PlyCount "97"]
[EventDate "2023.10.08"]
[EventType "team-tourn"]
[EventRounds "9"]
[EventCountry "HUN"]
[Source "chess.hu"]
[WhiteTeam "EUTender-Sarkany DSE"]
[BlackTeam "TFSE"]
[WhiteTeamCountry "HUN"]
[BlackTeamCountry "HUN"]

1. e4 c5 2. Nf3 Nc6 3. Bb5 g6 4. Bxc6 bxc6 5. O-O d5 6. Re1 Bg7 7. c4 dxe4 8.
Rxe4 Bf5 9. Re1 Rb8 10. Nc3 Bd3 11. Qa4 Qd7 12. Ne4 Rb4 13. Qa3 Bxe4 14. Rxe4
Nf6 15. Re1 O-O 16. d4 Rc8 17. dxc5 Rxc4 18. Be3 Nd5 19. Rad1 Qb7 20. b3 Rc2
21. Bd4 Nc3 22. Bxc3 Bxc3 23. Re4 a5 24. b4 axb4 25. Qb3 Rb2 26. Qc4 Qb5 27. a3
Ra8 28. axb4 Qxc4 29. Rxc4 Bxb4 30. Ne5 Rd2 31. Rf1 Rd5 32. Nxc6 Bxc5 33. g3
Kg7 34. Kg2 Ra6 35. Nb4 Bxb4 36. Rxb4 Ra2 37. h4 f5 38. Kf3 Rd3+ 39. Kg2 e5 40.
Rb7+ Kh6 41. Re7 e4 42. Rc1 Rdd2 43. Rf1 Re2 44. g4 f4 45. g5+ Kh5 46. Kh3 Ra3+
47. f3 Rh2+ 48. Kxh2 exf3 49. Rg1 1-0

[Event "NB II. Erkel csoport"]
[Site "Budapest"]
[Date "2023.10.29"]
[Round "2.9"]
[White "Juhasz, Edmond"]
[Black "Szabo, A. Martin"]
[Result "1-0"]
[WhiteElo "1709"]
[BlackElo "1865"]
[PlyCount "77"]
[EventDate "2023.10.08"]
[EventType "team-tourn"]
[EventRounds "9"]
[EventCountry "HUN"]
[Source "chess.hu"]
[WhiteTeam "TFSE"]
[BlackTeam "EUTender-Sarkany DSE"]
[WhiteTeamCountry "HUN"]
[BlackTeamCountry "HUN"]

1. e4 d6 2. d4 Nf6 3. Nc3 g6 4. Be3 Ng4 5. Bg5 h6 6. Bh4 g5 7. Bg3 Bg7 8. Qd2
Nc6 9. f3 Nf6 10. O-O-O O-O 11. Bf2 e5 12. d5 Ne7 13. g4 Ng6 14. Nge2 h5 15. h3
Nf4 16. Nxf4 gxf4 17. Be2 a6 18. Rdg1 b5 19. gxh5 Nxh5 20. h4 Qe8 21. Qe1 b4
22. Nd1 a5 23. Qf1 Bd7 24. Rh2 a4 25. Rhg2 Kh7 26. Rg4 f5 27. exf5 Bxf5 28. Bd3
e4 29. Bxe4 Bxe4 30. fxe4 Qe5 31. Rg5 Qxb2+ 32. Kd2 Ng3 33. Qd3 Bc3+ 34. Nxc3
bxc3+ 35. Ke1 Qc1+ 36. Qd1 Qd2+ 37. Qxd2 cxd2+ 38. Kd1 Nxe4 39. Rh5# 1-0

[Event "NB II. Erkel csoport"]
[Site "Budapest"]
[Date "2023.10.29"]
[Round "2.10"]
[White "Varaljai, Istvan"]
[Black "Molnar, Dalma Reka"]
[Result "1-0"]
[WhiteElo "1899"]
[BlackElo "1671"]
[PlyCount "67"]
[EventDate "2023.10.08"]
[EventType "team-tourn"]
[EventRounds "9"]
[EventCountry "HUN"]
[Source "chess.hu"]
[WhiteTeam "EUTender-Sarkany DSE"]
[BlackTeam "TFSE"]
[WhiteTeamCountry "HUN"]
[BlackTeamCountry "HUN"]

1. e4 c5 2. Nf3 Nc6 3. Nc3 g6 4. Bc4 Bg7 5. O-O e6 6. d3 Nge7 7. Be3 d5 8. exd5
exd5 9. Nxd5 Nxd5 10. Bxc5 Nde7 11. c3 O-O 12. Re1 Re8 13. Ng5 Ne5 14. Rxe5
Bxe5 15. Bxf7+ Kg7 16. Bxe8 Qxe8 17. Qe2 Bf6 18. Ne4 Nc6 19. Re1 Bf5 20. f3 Rd8
21. Be3 Bxe4 22. fxe4 Qe6 23. d4 Qxa2 24. e5 Be7 25. Qb5 Na5 26. b4 Nc4 27.
Qxb7 Kf8 28. Rf1+ Ke8 29. Bg5 Rd7 30. Qc8+ Rd8 31. Qc6+ Rd7 32. e6 Nb6 33.
exd7+ Nxd7 34. Qc8+ 1-0

[Event "NB II. Erkel csoport"]
[Site "Budapest"]
[Date "2023.10.29"]
[Round "2.11"]
[White "Ilko-Toth, Andras"]
[Black "Sass, Oscar"]
[Result "1/2-1/2"]
[WhiteElo "1629"]
[BlackElo "1792"]
[PlyCount "126"]
[EventDate "2023.10.08"]
[EventType "team-tourn"]
[EventRounds "9"]
[EventCountry "HUN"]
[Source "chess.hu"]
[WhiteTeam "TFSE"]
[BlackTeam "EUTender-Sarkany DSE"]
[WhiteTeamCountry "HUN"]
[BlackTeamCountry "HUN"]

1. Nf3 d5 2. b3 Nf6 3. Bb2 c5 4. e3 Nc6 5. Bb5 Bg4 6. Bxc6+ bxc6 7. d3 e6 8.
Nbd2 Bd6 9. h3 Bh5 10. O-O O-O 11. Qe1 Bxf3 12. Nxf3 Nd7 13. e4 Re8 14. d4 cxd4
15. Nxd4 c5 16. Nf3 Qc7 17. Rd1 Ne5 18. Bxe5 Bxe5 19. Nxe5 Qxe5 20. exd5 exd5
21. Qa5 Qd6 22. Rd3 Qb6 23. Qxb6 axb6 24. Rxd5 Rxa2 25. Rd6 Rxc2 26. Rxb6 g6
27. Rf6 Rc3 28. Rf3 Rxf3 29. gxf3 Rb8 30. Rc1 Rxb3 31. Rxc5 Rxf3 32. Kg2 Rd3
33. f4 Kg7 34. Rc6 Kh6 35. Rc5 Kg7 36. Rc6 h6 37. Rb6 g5 38. fxg5 hxg5 39. Rb7
Kg6 40. Rb6+ f6 41. Rc6 Re3 42. Rc8 Kf5 43. Rc4 Re4 44. Rc6 Ke5 45. Rc5+ Kf4
46. Kf2 Rb4 47. Rc2 f5 48. Re2 Rb3 49. Kg2 Rg3+ 50. Kh2 Re3 51. Rf2+ Ke4 52.
Rg2 Kf4 53. Rf2+ Ke5 54. Rg2 Kf6 55. Ra2 f4 56. Kg2 Kf5 57. Ra5+ Re5 58. Ra2
Rd5 59. Rb2 g4 60. hxg4+ Kxg4 61. Rb3 Rd2+ 62. Kg1 Re2 63. Kf1 Rh2 1/2-1/2

[Event "NB II. Erkel csoport"]
[Site "Budapest"]
[Date "2023.10.29"]
[Round "2.12"]
[White "Koczian, Benedek"]
[Black "Morovan-Szabo, Lorinc"]
[Result "0-1"]
[WhiteElo "1276"]
[BlackElo "1591"]
[PlyCount "136"]
[EventDate "2023.10.08"]
[EventType "team-tourn"]
[EventRounds "9"]
[EventCountry "HUN"]
[Source "chess.hu"]
[WhiteTeam "EUTender-Sarkany DSE"]
[BlackTeam "TFSE"]
[WhiteTeamCountry "HUN"]
[BlackTeamCountry "HUN"]

1. e4 e5 2. Nf3 Nc6 3. Nc3 d6 4. Bb5 Bd7 5. O-O Nf6 6. d3 Be7 7. Be3 h6 8. Qd2
g5 9. Ne2 g4 10. Ne1 h5 11. f3 Qc8 12. f4 h4 13. f5 a6 14. Bc4 Na7 15. Nc3 Nb5
16. Nd5 Nxd5 17. Bxd5 c6 18. Bb3 Bf6 19. Bg5 Qd8 20. Be3 Qc7 21. Bg5 Qd8 22.
Be3 Nd4 23. Bc4 c5 24. c3 Nc6 25. Qe2 Rg8 26. Qd2 Qe7 27. Qc2 Bg5 28. Qd2 Bxe3+
29. Qxe3 Qf6 30. Nc2 Qg5 31. Qxg5 Rxg5 32. Ne3 Ne7 33. f6 Ng6 34. Nd5 Rc8 35.
Nb6 Rc7 36. Nd5 Rc8 37. Rf2 Be6 38. Nb6 Rc6 39. Bxe6 Rxb6 40. Bc4 g3 41. Rd2
gxh2+ 42. Kxh2 Nf4 43. b3 Rg6 44. Rh1 Rxf6 45. Kg1 Ng6 46. Rf2 Rxf2 47. Kxf2
Rc6 48. Kf3 Rc7 49. g3 hxg3 50. Kxg3 Ke7 51. Bxf7 Nf4 52. Rh7 Kf6 53. Bg6 Rxh7
54. Bxh7 Nxd3 55. Bg8 a5 56. Bd5 b6 57. a4 Nc1 58. Kg4 Ne2 59. c4 Nd4 60. Kh5
Nxb3 61. Kh6 Nc1 62. Kh7 Ne2 63. Kg8 Ke7 64. Kg7 Kd7 65. Kf6 Nc3 66. Be6+ Kc7
67. Bg4 Nxa4 68. Bd1 Nc3 0-1

[Event "NB II. Erkel csoport"]
[Site "Szada"]
[Date "2023.10.29"]
[Round "2.1"]
[White "Gyenes, Mate"]
[Black "Vereb, Gabor"]
[Result "1-0"]
[WhiteElo "2112"]
[BlackElo "2193"]
[PlyCount "83"]
[EventDate "2023.10.08"]
[EventType "team-tourn"]
[EventRounds "9"]
[EventCountry "HUN"]
[Source "chess.hu"]
[WhiteTeam "Vaci SC"]
[BlackTeam "Godolloi SBE"]
[WhiteTeamCountry "HUN"]
[BlackTeamCountry "HUN"]

1. e4 g6 2. d4 Bg7 3. Nc3 d6 4. Be3 Nd7 5. Bc4 e6 6. f4 a6 7. a4 b6 8. f5 exf5
9. exf5 Bb7 10. Qe2 Qh4+ 11. Kf1 Ne7 12. Nd5 Bxd5 13. Bxd5 O-O 14. Bxa8 Rxa8
15. Bf2 Qf6 16. fxg6 hxg6 17. Qf3 d5 18. Qxf6 Nxf6 19. Bh4 Nf5 20. Bxf6 Bxf6
21. c3 Re8 22. Nf3 Ne3+ 23. Kf2 Nc4 24. Rab1 Bg7 25. Rhe1 Rxe1 26. Kxe1 Bh6 27.
Ke2 f5 28. g3 Kf7 29. Kd3 Nd6 30. Ne5+ Kf6 31. Nd7+ Ke7 32. Nb8 a5 33. b4 Nc4
34. Nc6+ Kd6 35. Ne5 Nxe5+ 36. dxe5+ Kxe5 37. bxa5 bxa5 38. Rb5 Kd6 39. Rxa5 f4
40. Ra6+ c6 41. Ra8 fxg3 42. Rg8 1-0

[Event "NB II. Erkel csoport"]
[Site "Szada"]
[Date "2023.10.29"]
[Round "2.2"]
[White "Reznak, Attila"]
[Black "Mirza, Solyom"]
[Result "0-1"]
[WhiteElo "2214"]
[BlackElo "2068"]
[PlyCount "82"]
[EventDate "2023.10.08"]
[EventType "team-tourn"]
[EventRounds "9"]
[EventCountry "HUN"]
[Source "chess.hu"]
[WhiteTeam "Godolloi SBE"]
[BlackTeam "Vaci SC"]
[WhiteTeamCountry "HUN"]
[BlackTeamCountry "HUN"]

1. c4 e5 2. Nc3 Nc6 3. g3 f5 4. Bg2 Nf6 5. d3 Bb4 6. Bd2 O-O 7. a3 Bxc3 8. Bxc3
d6 9. e3 f4 10. exf4 exf4 11. Ne2 Qe7 12. O-O fxg3 13. hxg3 Ng4 14. Qd2 Nce5
15. f3 Nh6 16. b3 Nf5 17. Rae1 Qf7 18. d4 Nd7 19. g4 Nh4 20. Qg5 Nxg2 21. Kxg2
h6 22. Qd2 b5 23. d5 bxc4 24. bxc4 Nb6 25. Qd4 Ba6 26. Nf4 Bxc4 27. Rf2 Bxd5
28. Nh5 Bxf3+ 29. Kg1 c5 30. Qxd6 Rad8 31. Qxc5 Qg6 32. Qc7 Qxg4+ 33. Qg3 Qxg3+
34. Nxg3 Rd3 35. Bb4 Rf4 36. Re8+ Kh7 37. Bd2 Rg4 38. Kh2 Rh4+ 39. Kg1 Rh3 40.
Bf4 Bc6 41. Re7 Nd5 0-1

[Event "NB II. Erkel csoport"]
[Site "Szada"]
[Date "2023.10.29"]
[Round "2.3"]
[White "Trajber, Daniel"]
[Black "Nagyajtai, Gabor"]
[Result "1-0"]
[WhiteElo "2066"]
[BlackElo "2150"]
[PlyCount "49"]
[EventDate "2023.10.08"]
[EventType "team-tourn"]
[EventRounds "9"]
[EventCountry "HUN"]
[Source "chess.hu"]
[WhiteTeam "Vaci SC"]
[BlackTeam "Godolloi SBE"]
[WhiteTeamCountry "HUN"]
[BlackTeamCountry "HUN"]

1. e4 d6 2. d4 Nf6 3. Nc3 g6 4. f3 c6 5. Be3 Qb6 6. a3 Bg7 7. Bc4 O-O 8. Nge2
e6 9. Bb3 d5 10. Na4 Qa5+ 11. Bd2 Qd8 12. e5 Nfd7 13. h4 b5 14. Nac3 Qb6 15. h5
c5 16. Bxd5 exd5 17. Nxd5 Qd8 18. hxg6 hxg6 19. Bh6 Bxh6 20. Rxh6 Qg5 21. Qd2
Qxd2+ 22. Kxd2 Rd8 23. Rah1 Nxe5 24. Rh8+ Kg7 25. R1h7# 1-0

[Event "NB II. Erkel csoport"]
[Site "Szada"]
[Date "2023.10.29"]
[Round "2.4"]
[White "Sillye, Kalman"]
[Black "Tornai, Imre"]
[Result "1-0"]
[WhiteElo "2032"]
[BlackElo "2043"]
[PlyCount "105"]
[EventDate "2023.10.08"]
[EventType "team-tourn"]
[EventRounds "9"]
[EventCountry "HUN"]
[Source "chess.hu"]
[WhiteTeam "Godolloi SBE"]
[BlackTeam "Vaci SC"]
[WhiteTeamCountry "HUN"]
[BlackTeamCountry "HUN"]

1. d4 Nf6 2. Nf3 d5 3. Bf4 c5 4. e3 Nc6 5. c3 Qb6 6. Qb3 c4 7. Qxb6 axb6 8. Na3
e6 9. Nc2 b5 10. a3 Ne4 11. Be2 Be7 12. h3 O-O 13. O-O Bd7 14. Rfd1 Na5 15. Kf1
Be8 16. Ke1 f6 17. Bh2 g5 18. Rab1 Bg6 19. Na1 h5 20. Rbc1 Kg7 21. Nd2 Nd6 22.
f3 f5 23. Be5+ Kf7 24. Kf2 Ke8 25. Kg1 Nc6 26. Bh2 f4 27. Nf1 h4 28. Re1 Kd7
29. Bd1 e5 30. Bc2 Bd3 31. Rcd1 e4 32. Nd2 fxe3 33. Rxe3 Nf5 34. Ree1 e3 35.
Nb1 b4 36. Bxd3 cxd3 37. Rxd3 bxa3 38. Nxa3 Bxa3 39. bxa3 Rxa3 40. Nc2 Rb3 41.
Nxe3 Nb4 42. Rd2 Rxc3 43. Nxf5 Rxf5 44. Rb2 Rc4 45. Reb1 Nd3 46. Rxb7+ Kd8 47.
Rg7 Rc1+ 48. Rxc1 Nxc1 49. Kf2 Nd3+ 50. Ke2 Nb2 51. Bd6 Nc4 52. Be7+ Ke8 53.
Rxg5 1-0

[Event "NB II. Erkel csoport"]
[Site "Szada"]
[Date "2023.10.29"]
[Round "2.5"]
[White "Trajber, Csaba Dr"]
[Black "Fecske, Csaba"]
[Result "1/2-1/2"]
[WhiteElo "1976"]
[BlackElo "1951"]
[PlyCount "90"]
[EventDate "2023.10.08"]
[EventType "team-tourn"]
[EventRounds "9"]
[EventCountry "HUN"]
[Source "chess.hu"]
[WhiteTeam "Vaci SC"]
[BlackTeam "Godolloi SBE"]
[WhiteTeamCountry "HUN"]
[BlackTeamCountry "HUN"]

1. e4 c5 2. Nc3 e6 3. f4 d5 4. e5 a6 5. a4 Nc6 6. Nf3 Nge7 7. b3 Nf5 8. Bb2 Be7
9. g3 g6 10. Ne2 Qb6 11. g4 Ng7 12. Bg2 Bd7 13. d4 cxd4 14. Nexd4 Nxd4 15. Bxd4
Bc5 16. Qd2 Rc8 17. Bxc5 Qxc5 18. Nd4 h5 19. h3 hxg4 20. hxg4 Rxh1+ 21. Bxh1
Qc3 22. Qxc3 Rxc3 23. Kd2 Rc8 24. Bf3 Ke7 25. Rh1 Rg8 26. Be2 Ne8 27. Bd3 Nc7
28. Rh7 Kf8 29. a5 Rg7 30. Rh8+ Rg8 31. Rh1 Kg7 32. Kc3 Rc8 33. Kb4 Na8 34. f5
Nc7 35. Rf1 Ne8 36. c4 dxc4 37. Bxc4 exf5 38. gxf5 gxf5 39. Nxf5+ Bxf5 40. Rxf5
Rc7 41. e6 Nd6 42. Rg5+ Kf6 43. exf7 Nxf7 44. Rg2 Nd6 45. Rf2+ Ke7 1/2-1/2

[Event "NB II. Erkel csoport"]
[Site "Szada"]
[Date "2023.10.29"]
[Round "2.6"]
[White "Zamodics, Ferenc"]
[Black "Veres, Istvan"]
[Result "0-1"]
[WhiteElo "1774"]
[BlackElo "1977"]
[PlyCount "64"]
[EventDate "2023.10.08"]
[EventType "team-tourn"]
[EventRounds "9"]
[EventCountry "HUN"]
[Source "chess.hu"]
[WhiteTeam "Godolloi SBE"]
[BlackTeam "Vaci SC"]
[WhiteTeamCountry "HUN"]
[BlackTeamCountry "HUN"]

1. d4 Nf6 2. c4 c5 3. d5 e6 4. Nc3 exd5 5. cxd5 d6 6. e4 g6 7. Bg5 Bg7 8. Qd2
O-O 9. Bd3 a6 10. a4 Qa5 11. Rb1 Re8 12. Nge2 Nbd7 13. f4 Rb8 14. O-O b5 15.
axb5 axb5 16. f5 c4 17. Ra1 Qc7 18. Bb1 b4 19. Na2 Nxe4 20. Bxe4 Rxe4 21. f6
Bh8 22. Kh1 Qc5 23. Ng3 Re5 24. Rad1 Qa5 25. Nc1 c3 26. bxc3 bxc3 27. Qd4 c2
28. Rd2 Rxg5 29. Ne4 Rg4 30. Rdf2 Nc5 31. Re2 Bf5 32. Rfe1 Bxe4 0-1

[Event "NB II. Erkel csoport"]
[Site "Szada"]
[Date "2023.10.29"]
[Round "2.7"]
[White "Slezak, Robert"]
[Black "Szemelyi, Balazs"]
[Result "1/2-1/2"]
[WhiteElo "1987"]
[BlackElo "1752"]
[PlyCount "103"]
[EventDate "2023.10.08"]
[EventType "team-tourn"]
[EventRounds "9"]
[EventCountry "HUN"]
[Source "chess.hu"]
[WhiteTeam "Vaci SC"]
[BlackTeam "Godolloi SBE"]
[WhiteTeamCountry "HUN"]
[BlackTeamCountry "HUN"]

1. e4 c5 2. Be2 Nc6 3. d3 g6 4. f4 Bg7 5. Nf3 e6 6. O-O Nge7 7. Qe1 d5 8. c3
Qb6 9. Kh1 Bd7 10. Na3 O-O-O 11. Rb1 h6 12. Be3 Qa5 13. Bd2 Rhe8 14. Qc1 Kb8
15. b4 cxb4 16. cxb4 Qb6 17. Be3 Nd4 18. e5 Nxe2 19. Bxb6 Nxc1 20. Bxd8 Nxd3
21. Bxe7 Rxe7 22. g3 Ba4 23. Nd2 Rc7 24. b5 Rc3 25. Rb3 Bxb3 26. Nxb3 Bf8 27.
Nb1 Rc2 28. a4 Rb2 29. N3d2 Bb4 30. Nf3 Ra2 31. h4 Nf2+ 32. Kg2 Ng4+ 33. Kh1
Nf2+ 34. Kg2 Ne4+ 35. Kh3 Nf2+ 36. Kg2 Ne4+ 37. Kh3 Ra1 38. g4 Nc3 39. Nbd2
Rxf1 40. Nxf1 Nxa4 41. f5 Kc7 42. Ng3 exf5 43. gxf5 Nc5 44. h5 gxh5 45. Nxh5
Bc3 46. Nf4 d4 47. Kg4 Kd7 48. Nd5 Bb2 49. Kh5 d3 50. Kxh6 d2 51. Nxd2 Bxe5 52.
Nc4 1/2-1/2

[Event "NB II. Erkel csoport"]
[Site "Szada"]
[Date "2023.10.29"]
[Round "2.8"]
[White "Torocsik, Jozsef"]
[Black "Kiss, Pal Vac"]
[Result "1/2-1/2"]
[WhiteElo "1707"]
[BlackElo "1957"]
[PlyCount "44"]
[EventDate "2023.10.08"]
[EventType "team-tourn"]
[EventRounds "9"]
[EventCountry "HUN"]
[Source "chess.hu"]
[WhiteTeam "Godolloi SBE"]
[BlackTeam "Vaci SC"]
[WhiteTeamCountry "HUN"]
[BlackTeamCountry "HUN"]

1. e4 e5 2. Nf3 Nc6 3. Bc4 Bc5 4. c3 Nf6 5. d3 d6 6. Bg5 h6 7. Bh4 g5 8. Bg3
Qe7 9. Nbd2 Be6 10. Qb3 O-O-O 11. Qa4 h5 12. h4 g4 13. Nh2 Bxc4 14. dxc4 Nxe4
15. Nxe4 f5 16. O-O-O fxe4 17. Rhe1 Rhf8 18. Qc2 Qh7 19. Rd2 Rf7 20. Qxe4 Qxe4
21. Rxe4 Rdf8 22. f3 gxf3 1/2-1/2